|
|
|
|
| LEADER |
00000nam0a2200000 4500 |
| 001 |
45494 |
| 005 |
20231101210945.0 |
| 010 |
|
|
|a 5801301380
|
| 035 |
|
|
|a (RuTPU)RU\TPU\book\47359
|
| 090 |
|
|
|a 45494
|
| 100 |
|
|
|a 20021210d2001 k y0rusy50 ca
|
| 101 |
0 |
|
|a rus
|
| 102 |
|
|
|a RU
|
| 105 |
|
|
|a y e 001zd
|
| 200 |
1 |
|
|a Политическая мысль в России
|e cловарь персоналий (XI в. - 1917 г.)
|f Ю. В. Андронов, О. Ю. Бойцова, Е. Б. Бородяев и др.
|g Московский государственный университет им. М. В. Ломоносова. Философский факультет; Рук. авт. кол. Е. Н. Мощелков
|
| 205 |
|
|
|a 2-е изд.
|
| 210 |
|
|
|a Москва
|c Университет
|d 2001
|
| 215 |
|
|
|a 288 с.
|
| 320 |
|
|
|a Библиогр.: с. 284-286.
|
| 606 |
1 |
|
|a Политические учения
|x История
|y Русское государство
|2 stltpush
|3 (RuTPU)RU\TPU\subj\50484
|9 69157
|
| 610 |
1 |
|
|a право
|
| 610 |
1 |
|
|a политика
|
| 610 |
1 |
|
|a политические учения
|
| 610 |
1 |
|
|a правовые учения
|
| 610 |
1 |
|
|a Россия
|
| 610 |
1 |
|
|a персоналии
|
| 610 |
1 |
|
|a биографии
|
| 610 |
1 |
|
|a биографические словари
|
| 610 |
1 |
|
|a 11 век
|
| 610 |
1 |
|
|a 12 век
|
| 610 |
1 |
|
|a 13 век
|
| 610 |
1 |
|
|a 14 век
|
| 610 |
1 |
|
|a 15 век
|
| 610 |
1 |
|
|a 16 век
|
| 610 |
1 |
|
|a 17 век
|
| 610 |
1 |
|
|a 18 век
|
| 610 |
1 |
|
|a 19 век
|
| 610 |
1 |
|
|a 20 век
|
| 686 |
|
|
|a Ф1(2)я2
|v LBC/SL-A
|2 rubbk
|
| 701 |
|
1 |
|a Андронов
|b Ю. В.
|
| 701 |
|
1 |
|a Бойцова
|b О. Ю.
|
| 701 |
|
1 |
|a Бородяев
|b Е. Б.
|
| 701 |
|
1 |
|a Васич
|b В. Н.
|
| 701 |
|
1 |
|a Ватыль
|b В. Н.
|
| 701 |
|
1 |
|a Гилязов
|b М. Ф.
|
| 701 |
|
1 |
|a Ермашов
|b Д. В.
|
| 701 |
|
1 |
|a Железняк
|b Н. Н.
|
| 701 |
|
1 |
|a Зоткин
|b А. А.
|
| 701 |
|
1 |
|a Коваленко
|b В. И.
|
| 702 |
|
1 |
|a Мощелков
|b Е. Н.
|4 340
|
| 712 |
0 |
2 |
|a Московский государственный университет им. М. В. Ломоносова
|b Философский факультет
|2 stltpush
|3 (RuTPU)RU\TPU\col\7
|
| 801 |
|
1 |
|a RU
|b 63413507
|c 20021210
|g PSBO
|
| 801 |
|
2 |
|a RU
|b 63413507
|c 20210903
|g PSBO
|
| 942 |
|
|
|c BK
|